| 000 | 00628nam a2200217 a 4500 | ||
|---|---|---|---|
| 005 | 20140310183408.0 | ||
| 008 | 121030s19uu xx 00 eng d | ||
| 020 | _a9789814314732 | ||
| 050 |
_aQA 76.5 _b.M864 2010 |
||
| 100 | _aMorley, Deborah | ||
| 245 |
_aUnderstanding computers / _cDeborah Morley, Charles S. Parker. |
||
| 250 | _a1st ed. Philippine ed. | ||
| 260 |
_aSingapore : _bCengage Learning Asia, _c2010. |
||
| 300 |
_a1040 p. : _bill. ; _c27 cm. |
||
| 521 | _aIT | ||
| 650 | _aComputers | ||
| 650 | _aElectronic data processing | ||
| 700 | _aParker, Charles S. | ||
| 942 |
_cBK _2lcc _kFOR |
||
| 999 |
_c22453 _d22453 |
||